000 00375 a2200109 4500
001 ART_43236
005 20260410161737.0
008 260409a
245 1 0 _aLa solidez del sistema financiero
100 1 _aFischer, Stanley
773 0 _tEjecutivos de finanzas
_gLiderazgo ejecutivo. Cambios...en el cambio de siglo - Año 13, Nº 139 (sep. 1997)
_wREV2863
999 _c18436
_d18436